全球运动品牌价值排行榜前10名单 - Statistics

General Stats
  • This quiz has been taken 77 times
  • The average score is 6 of 10
Answer Stats
排名 国家 品牌 % Correct
1 USA 耐克
100%
2 USA 阿迪达斯
99%
10 USA 李宁
93%
4 USA 安踏
89%
5 USA 彪马
63%
8 USA 安德玛
38%
9 USA 亚瑟士
34%
6 USA 新百伦
32%
7 USA 斯凯奇
21%
3 USA 露露乐蒙
17%
No matching quizzes found
Score Distribution
Percent of People with Each Score
Percentile by Number Answered
Your Score History
You have not taken this quiz